| 000 | 01000nam a2200205Ia 4500 | ||
|---|---|---|---|
| 003 | Ost | ||
| 005 | 20260507075056.0 | ||
| 008 | 260507s9999||||xx |||||||||||||| ||und|| | ||
| 040 | _cfsecg | ||
| 041 | _aara | ||
| 082 | _a352.96 | ||
| 100 |
_aالمصري، أحمد محمد _eمؤلف |
||
| 245 | 0 |
_aالتخطيط والمراقبة الإدارية / _c أحمد محمد المصري |
|
| 260 |
_aالاسكندرية: _bمؤسسة شباب الجامعة, _c2004 |
||
| 300 |
_a164 صفحة؛ _bإيضاحات ؛ _c24 سم |
||
| 520 | _aأسس التخطيط،البيانات والمعلومات ووسائل قياس الكفاية الإنتاجية في عملية التخطيط والرقابة، المعلومات وكيفية إعدادها لأغراض التخطيط و الرقابة، مفاهيم الرقابة وأساليبها ومشاكلها في منشآت الأعمال | ||
| 653 | _aالتخطيط | ||
| 653 | _aالرقابة الادارية | ||
| 942 | _cكتاب | ||
| 999 |
_c42739 _d42739 |
||